Agricultural Pests of South Asia and their Management / (Record no. 37457)
[ view plain ]
| 000 -LEADER | |
|---|---|
| fixed length control field | 00768nam a22002657a 4500 |
| 001 - CONTROL NUMBER | |
| control field | 37457 |
| 003 - CONTROL NUMBER IDENTIFIER | |
| rucl marc code | BD-RjUL |
| 005 - DATE AND TIME OF LATEST TRANSACTION | |
| control field | 20211209052618.0 |
| 008 - FIXED-LENGTH DATA ELEMENTS--GENERAL INFORMATION | |
| fixed length control field | 150120s2005 ii a|||| |||| 001 0 eng d |
| 020 ## - INTERNATIONAL STANDARD BOOK NUMBER | |
| International Standard Book Number | 8127220876 |
| 035 ## - SYSTEM CONTROL NUMBER | |
| System control number | (BD-RjUL)37561 |
| 040 ## - CATALOGING SOURCE | |
| Original cataloging agency | BD-RjUL |
| Language of cataloging | eng |
| Transcribing agency | BD-RjUL |
| 041 ## - LANGUAGE CODE | |
| Language code of text/sound track or separate title | eng |
| 082 ## - DEWEY DECIMAL CLASSIFICATION NUMBER | |
| Classification number | 632.7 |
| Author mark and year | ATA 2005 |
| 100 ## - MAIN ENTRY--PERSONAL NAME | |
| Personal name | Dhaliwal, G.S. |
| 9 (RLIN) | 115022 |
| 245 ## - TITLE STATEMENT | |
| Title | Agricultural Pests of South Asia and their Management / |
| Statement of responsibility, etc. | G.S. Dhaliwal and A.S. Atwal. |
| 250 ## - EDITION STATEMENT | |
| Edition statement | 5th ed. |
| 260 ## - PUBLICATION, DISTRIBUTION, ETC. (IMPRINT) | |
| Place of publication, distribution, etc. | Ludhiana : |
| Name of publisher, distributor, etc. | Kalyani, |
| Date of publication, distribution, etc. | 2005. |
| 300 ## - PHYSICAL DESCRIPTION | |
| Pagination | 505 p. |
| Illustrations | ill. |
| Size | 23 cm. |
| 504 ## - BIBLIOGRAPHY, ETC. NOTE | |
| Bibliography, etc | Includes bibliography and index. |
| 650 ## - SUBJECT ADDED ENTRY--TOPICAL TERM | |
| Topical term or geographic name as entry element | Insect pests |
| 9 (RLIN) | 115021 |
| Topical term or geographic name as entry element | Insect pests |
| General subdivision | Control |
| 9 (RLIN) | 115023 |
| 700 ## - ADDED ENTRY--PERSONAL NAME | |
| Personal name | Atwal, A.S. |
| 942 ## - ADDED ENTRY ELEMENTS (KOHA) | |
| Source of classification or shelving scheme | Dewey Decimal Classification |
| Koha item type | Books |
| Lost status | Source of classification or shelving scheme | Damaged status | Not for loan | Collection code | Permanent Location | Current Location | Date acquired | Source of acquisition | Cost, normal purchase price | Total Checkouts | Full call number | Date last seen | Copy number | Koha item type |
|---|---|---|---|---|---|---|---|---|---|---|---|---|---|---|
| Dewey Decimal Classification | Not For Loan | Non-fiction | Institute of Biological Sciences (IBSc) Library | Institute of Biological Sciences (IBSc) Library | 20/01/2015 | Karim International | 492.07 | 632.7 ATA 2005 | 20/01/2015 | C-1 | Books |